| 000 | 00402nam a22001577a 4500 | ||
|---|---|---|---|
| 005 | 20260407112242.0 | ||
| 008 | 260407b |||||||| |||| 00| 0 eng d | ||
| 020 | _a978-1861-977-694 | ||
| 050 | _aHQ 31.G74 2003 | ||
| 100 | _aROBERT GREENE | ||
| 245 | _aTHE ART OF SEDUCTION | ||
| 260 |
_aGREAT BRITAIN _bPROFILE BOOKS _c2003 |
||
| 300 | _aX,467 | ||
| 500 | _aINCLUDES AN INDEX | ||
| 942 |
_2lcc _cBK |
||
| 999 |
_c216925 _d216925 |
||